000 00383nam a2200145Ia 4500
005 20251222144914.0
008 251222s9999||||xx |||||||||||||| ||spa||
020 _a978-970-665-314-7
082 _a658.152.2/S58
100 _aSiu Villanueva, Carlos
245 0 _aValuación de Empresas:
250 _a3a.ed.
264 _bInstituto Mexicano de Contadores Públicos
942 _cLIB
999 _c22455
_d22455